| 000 | 00563cam a22002054a 4500 | ||
|---|---|---|---|
| 005 | 20250605164332.0 | ||
| 008 | 250528s ||||||||||||||||||||||||d | ||
| 035 | _a23295 | ||
| 040 |
_aGR-AtMCL _bgre _dGR-AtMCL _eAACR2 |
||
| 245 | 1 | _aΕισαγωγή στον τουρισμό | |
| 250 | _a1η | ||
| 260 |
_bInterbooks, _c1999 |
||
| 300 | _a343 | ||
| 700 | 1 | _aΗγουμενακης Νικος Γ | |
| 700 | 1 |
_aΚραβαριτης Κωστας _98876 |
|
| 700 | 1 | _aΛυτρας Περικλης | |
| 942 | _cBK | ||
| 999 |
_c8322 _d8322 |
||